000 00637nam a2200229Ia 4500
003 OSt
005 20240919095750.0
008 220927b |||||||| |||| 00| 0 eng d
020 _a0631206221
037 _cTextual
040 _aSDCL
_cSDCL
_beng
041 _2eng
_aeng
082 _aY:1 N9
100 _aGiles, Judy
_9445238
245 0 _aStudying culture :
_b A practical introduction /
260 _aOxford :
_bBlackwell,
_c1999.
300 _axi,280p
650 _aCulture
_9373640
700 _a Middleton Tim
_9445239
942 _hY:1 N9
_cTEXL
_2CC
999 _c760213
_d760213